000 01144nam a22003017a 4500
005 20110524145212.0
008 110524t xxu||||| |||| 00| 0 eng d
010 _aENG-102512
020 _a9788184503319
_c3150.00
035 _aEN-86045
037 _bDBAD / PUB
040 _adpl
_bEnglish
082 _a330.954
100 _927410
110 _927425
245 _aModern indian economy :
_cedited by Raj Kumar Sen
_bessays in memory of professor Alak Ghosh /
260 _aNew Delhi
_bDeep & Deep Publications
_c2011
270 _aF-159, Rajouri Garden
_bNew Delhi
_e110027
_k25435369,25440916
300 _axxix, 690 p. :
_c25cm (Hb)
_bmaps
500 _aIncludes bibliographical references and index
650 _927411
650 _927412
650 _927426
700 _927415
_aSen , Raj Kumar
942 _adpl
_cEN
_2ddc
_mMOD
_h330.954
999 _c52570
_d52570